Diseño y redacción de manuales para la evaluación del control interno en áreas de procesos industriales
Na minha lista:
| Autor principal: | |
|---|---|
| Formato: | Livro |
| Publicado em: |
San José, Costa Rica
1988
|
| Assuntos: | |
| Tags: |
Adicionar Tag
Sem tags, seja o primeiro a adicionar uma tag!
|
MARC
| LEADER | 00000nam a2200000Ia 4500 | ||
|---|---|---|---|
| 003 | 004720 | ||
| 005 | 20221231144342.0 | ||
| 008 | 140114s1988 cr a m 000 ||s d | ||
| 040 | |c cru CEDI | ||
| 090 | |a TFG 2162 | ||
| 100 | |a Mora Pacheco, Misael |9 13515 | ||
| 245 | |a Diseño y redacción de manuales para la evaluación del control interno en áreas de procesos industriales | ||
| 260 | |c 1988 |a San José, Costa Rica | ||
| 300 | |a [170] hojas : ilustraciones plegables ; 28 cm | ||
| 500 | |a Proyecto de graduación (licenciatura en ingeniería química)--Universidad de Costa Rica. Facultad de Ingeniería. Escuela de Ingeniería Química | ||
| 650 | |x REFINADORA COSTARRICENSE DE PETROLEO - CONTABILIDAD |x AUDITORIA |9 13276 | ||
| 942 | |c TFG | ||
| 999 | |c 20598 |d 20598 | ||
